00394nam a2200121Ia 4500003000400000005001700004008004100021040001800062041000800080100005200088245009300140260003900233OSt20260123161159.0211028s2017 xx 000 0 und d cAIMIT LIBRARY aeng aShetti, Akshay Ramesh; Wright, Rowena.g1516007 aHazardous effect of chemicals among employees at Aditya birla chemicals pvt ltd Karwar / aMangalorebDr Rowena Wright.c2017